C data base development / (Record no. 55256)
[ view plain ]
| 000 -LEADER | |
|---|---|
| fixed length control field | 00797nam a2200277 a 4500 |
| 001 - CONTROL NUMBER | |
| control field | 55256 |
| 003 - CONTROL NUMBER IDENTIFIER | |
| rucl marc code | BD-RjUL |
| 005 - DATE AND TIME OF LATEST TRANSACTION | |
| control field | 20211209080235.0 |
| 008 - FIXED-LENGTH DATA ELEMENTS--GENERAL INFORMATION | |
| fixed length control field | 161115s1989 ii a 001 0 eng |
| 020 ## - INTERNATIONAL STANDARD BOOK NUMBER | |
| Terms of availability | $23.95 |
| 035 ## - SYSTEM CONTROL NUMBER | |
| System control number | (BD-RjUL)55378 |
| 040 ## - CATALOGING SOURCE | |
| Original cataloging agency | DLC |
| Transcribing agency | DLC |
| Modifying agency | BD-RjUL |
| Language of cataloging | eng |
| 041 ## - LANGUAGE CODE | |
| Language code of text/sound track or separate title | eng |
| 082 00 - DEWEY DECIMAL CLASSIFICATION NUMBER | |
| Edition number | 23 |
| Classification number | 005.7565 |
| Author mark and year | STC 1989 |
| 100 1# - MAIN ENTRY--PERSONAL NAME | |
| Personal name | Stevens, Al, |
| Dates associated with a name | 1940- |
| 9 (RLIN) | 164620 |
| 245 10 - TITLE STATEMENT | |
| Title | C data base development / |
| Statement of responsibility, etc. | Al Stevens. |
| 250 ## - EDITION STATEMENT | |
| Edition statement | First Indian ed. |
| 260 ## - PUBLICATION, DISTRIBUTION, ETC. (IMPRINT) | |
| Place of publication, distribution, etc. | New Delhi : |
| Name of publisher, distributor, etc. | BPB Pub, |
| Date of publication, distribution, etc. | 1989 |
| 300 ## - PHYSICAL DESCRIPTION | |
| Pagination | xi, 312 p. : |
| Illustrations | ill. ; |
| Size | 24 cm. |
| 500 ## - GENERAL NOTE | |
| General note | Spine title: C database development. |
| General note | Includes index. |
| 650 #0 - SUBJECT ADDED ENTRY--TOPICAL TERM | |
| Topical term or geographic name as entry element | C (Computer program language) |
| 9 (RLIN) | 118224 |
| Topical term or geographic name as entry element | Database management. |
| 9 (RLIN) | 117949 |
| 942 ## - ADDED ENTRY ELEMENTS (KOHA) | |
| Source of classification or shelving scheme | Dewey Decimal Classification |
| Koha item type | Books |
| Lost status | Source of classification or shelving scheme | Damaged status | Not for loan | Collection code | Permanent Location | Current Location | Shelving location | Date acquired | Source of acquisition | Cost, normal purchase price | Total Checkouts | Full call number | Date last seen | Copy number | Koha item type |
|---|---|---|---|---|---|---|---|---|---|---|---|---|---|---|---|
| Dewey Decimal Classification | Non-fiction | Central Library, University of Rajshahi | Central Library, University of Rajshahi | 09/08/2000 | dhaka, paragon Enterprice ltd. | 118.00 | 005.7565 STC 1989 | 15/11/2016 | C-2 | Books |